The Living company : (Record no. 5419)
[ view plain ]
| 000 -LEADER | |
|---|---|
| fixed length control field | 00693cam a22002172 4500 |
| 001 - CONTROL NUMBER | |
| control field | 0000001731 |
| 005 - DATE AND TIME OF LATEST TRANSACTION | |
| control field | 20151217151826.0 |
| 008 - FIXED-LENGTH DATA ELEMENTS--GENERAL INFORMATION | |
| fixed length control field | 070326s xx 000 0 eng d |
| 020 ## - INTERNATIONAL STANDARD BOOK NUMBER | |
| International Standard Book Number | 185788180X : |
| Terms of availability | GBP 16.99 |
| 040 ## - CATALOGING SOURCE | |
| Original cataloging agency | KABU |
| Transcribing agency | KABU |
| 050 #0 - LIBRARY OF CONGRESS CALL NUMBER | |
| Classification number | HD31 |
| Item number | .G48 |
| 100 1# - MAIN ENTRY--PERSONAL NAME | |
| Personal name | Geus, Arie de. |
| -- | 0000150718 |
| 245 14 - TITLE STATEMENT | |
| Title | The Living company : |
| Remainder of title | growth, learning and longevity in business / |
| Statement of responsibility, etc. | Arie de Geus. |
| 260 ## - PUBLICATION, DISTRIBUTION, ETC. (IMPRINT) | |
| Place of publication, distribution, etc. | London : |
| Name of publisher, distributor, etc. | Nicholas Brealey Publishing, |
| Date of publication, distribution, etc. | 1997. |
| 300 ## - PHYSICAL DESCRIPTION | |
| Extent | 254 p. ; |
| Dimensions | 24 cm. |
| 650 #0 - SUBJECT ADDED ENTRY--TOPICAL TERM | |
| Topical term or geographic name as entry element | Industrial management. |
| -- | 0000149957 |
| 650 #0 - SUBJECT ADDED ENTRY--TOPICAL TERM | |
| Topical term or geographic name as entry element | Corporations |
| General subdivision | Case studies. |
| -- | 0000150719 |
| 908 ## - PUT COMMAND PARAMETER (RLIN) | |
| Put command parameter | 070326 |
| 950 ## - LOCAL HOLDINGS (RLIN) | |
| -- | 1 |
| Withdrawn status | Lost status | Source of classification or shelving scheme | Not for loan | Home library | Current library | Date acquired | Total Checkouts | Full call number | Barcode | Date last seen | Date last checked out | Price effective from | Koha item type |
|---|---|---|---|---|---|---|---|---|---|---|---|---|---|
| Library of Congress Classification | Kabarak, Main Campus | Kabarak, Main Campus | 17/12/2015 | 1 | HD31 .G48 | 002279 | 02/08/2024 | 05/06/2018 | 17/12/2015 | General Collection |